Η θεωρία και η πράξη της αφηγηματικής τέχνης του Φώτη Κόντογλου

Αποθηκεύτηκε σε:
Λεπτομέρειες βιβλιογραφικής εγγραφής
Κύριος συγγραφέας: Αθανασόπουλος, Βαγγέλης, 1946-
Μορφή: Βιβλίο
Γλώσσα:Greek
Δημοσίευση: Αθήνα : Εκδόσεις Καρδαμίτσα, [1986].
Θέματα:
Ετικέτες: Προσθήκη ετικέτας
Δεν υπάρχουν, Καταχωρήστε ετικέτα πρώτοι!

MARC

LEADER 00000cam a2200000 a 4500
001 1/120530
008 191216s1986####gr | ||| |||| ||gre||
040 |a GR-MyUa  |b gre  |c GR-MyUa  |e AACR2 
041 0 |a gre 
082 7 |a 889.34  |2 (23) 
100 1 |a Αθανασόπουλος, Βαγγέλης,   |d 1946- 
245 1 2 |a Η θεωρία και η πράξη της αφηγηματικής τέχνης του Φώτη Κόντογλου /   |c Βαγγέλης Αθανασόπουλος.  
246 1 |a Η αφηγηματική τέχνη του Φώτη Κόντογλου  
260 |a Αθήνα :   |b Εκδόσεις Καρδαμίτσα,   |c [1986].  
300 |a 182 σ. ;   |c 20 εκ.  
500 |a Το φανταστικό και το πραγματικό.-- Μια ποιητική του φυσικού, του απλού, και του άμεσου. -- Κριτικά προβλήματα της ποιητικής του Κόντογλου.  
504 |a Περιέχει σημειώσεις και ευρετήρια.  
650 0 |a Greek literature  |x History and criticism. 
600 1 0 |x Criticism and interpretation  |a Κόντογλου, Φώτης,   |d 1895-1965. 
852 |a INST  |b SAMOS  |e 20191216  |h 889.34 ΑΘΑ  |p 005300046212  |q 005300046212  |t BK  |y 0 
920 |a Θρασυβούλου  |b Δημήτρης  |y Σάμος  |z 2019-12 
970 |a Γουβάλα  |b Βάσω  |z 16-12-2019